00641nam a22001937a 4500003000400000005001700004008004100021020001500062050002400077082001700101100002100118245006400139260004900203300002100252562000600273942001200279999001500291952014100306OSt20151028113847.0130307t xxu||||| |||| 00| 0 eng d a1400021049 aPC 2129b.H488 2004 aIB 448.2421  aHeminway, Annie  aUltimate french :bbeginner - intermediatecHeminway, Annie aNew YorkbLiving Language/Random Housec2004 a428 p. ;c23 cm. e1 2lcccBK c2124d2124 00102lcc40aLUXbLUXcIBd2013-03-07l7m20oPC 2129 .H488 2004p13658q2023-01-31r2023-01-13 00:00:00s2023-01-13t1w2013-10-03yBK